[Event "Tournament 14471 - Europe Echecs"]
[Site "Europe Echecs"]
[Date "2020.07.09"]
[Round "1"]
[Time "14:05:03"]
[PlyCount "106"]
[White "LamazeSimon"]
[Black "OumerWalid"]
[WhiteElo "2185"]
[BlackElo "1365"]
[Mode "WEB"]
[Result "1-0"]

1. d4 Nf6 2. c4 g6 3. d5 d6 4. Nc3 Bg7 5. g3 O-O 6. Bg2 a5 7. Nf3 Nbd7 8. O-O
Nc5 9. b3 e6 10. Bb2 exd5 11. Nxd5 Nxd5 12. Bxg7 Ne3 13. Qc1 Nxf1 14. Bxf8 Qxf8
15. Kxf1 Qg7 16. e3 Bf5 17. Nd4 Be4 18. Qd2 Bxg2+ 19. Kxg2 Qe5 20. Rd1 Ne6 21.
Nf3 Qe4 22. Qd5 Qxd5 23. Rxd5 Nc5 24. Nd2 f5 25. h3 h5 26. g4 hxg4 27. hxg4 fxg4
28. Rg5 Kg7 29. Rxg4 Re8 30. Rd4 Kf6 31. Kg3 g5 32. a3 Rh8 33. b4 axb4 34. axb4
Ne6 35. Rd5 b6 36. Ne4+ Kg6 37. f4 gxf4+ 38. exf4 Kf7 39. Rf5+ Ke7 40. Ng5 Nxg5
41. fxg5 Rh1 42. Rf4 Rg1+ 43. Kh4 Rh1+ 44. Kg4 Rg1+ 45. Kh5 Rb1 46. b5 Rg1 47.
Kh6 Rh1+ 48. Kg7 Rg1 49. g6 Rg5 50. Kh7 Rg1 51. g7 Rg5 52. g8=Q Rxg8 53. Kxg8 {OumerWalid a abandonné} 1-0

[Event "Tournament 14471 - Europe Echecs"]
[Site "Europe Echecs"]
[Date "2020.07.09"]
[Round "1"]
[Time "14:05:03"]
[PlyCount "53"]
[White "RoumeguereGabi"]
[Black "KuhnClement"]
[WhiteElo "1365"]
[BlackElo "2150"]
[Mode "WEB"]
[Result "0-1"]

1. e4 c5 2. Nf3 Nc6 3. d4 cxd4 4. Nxd4 e5 5. Nb5 d6 6. c4 Be7 7. Be2 f5 8. exf5
Bxf5 9. N1c3 a6 10. Na3 Nf6 11. O-O O-O 12. Be3 Qd7 13. Qc2 Bxc2 14. Nxc2 Ng4
15. Bd2 Nd4 16. Nxd4 exd4 17. Ne4 Qf5 18. Bf3 Ne5 19. Ng3 Nxf3+ 20. gxf3 Qxf3
21. Rfe1 Bh4 22. Rf1 Rae8 23. Bb4 Bxg3 24. hxg3 Re2 25. Bxd6 Rxf2 26. Bxf8 Qg2# {RoumeguereGabi est échec et mat} 0-1

[Event "Tournament 14471 - Europe Echecs"]
[Site "Europe Echecs"]
[Date "2020.07.09"]
[Round "1"]
[Time "14:05:03"]
[PlyCount "52"]
[White "BrehautCarl"]
[Black "HammGabrielle"]
[WhiteElo "1960"]
[BlackElo "1359"]
[Mode "WEB"]
[Result "1-0"]

1. d4 d5 2. c4 c6 3. cxd5 cxd5 4. Nf3 Nf6 5. Nc3 Nc6 6. g3 e6 7. Bg2 Bb4 8. O-O
O-O 9. a3 Be7 10. b3 Qb6 11. b4 a6 12. Bb2 Bd7 13. Rc1 Rac8 14. Na4 Qd8 15. Nc5
Bxc5 16. dxc5 Ne4 17. Nd4 Nf6 18. Nxc6 Bxc6 19. Qd4 Bb5 20. Rfe1 Rc7 21. Rcd1
Qe7 22. e4 Bc4 23. exd5 Bb5 24. d6 Qd7 25. dxc7 Qxd4 26. Rxd4 {HammGabrielle a abandonné} 1-0

[Event "Tournament 14471 - Europe Echecs"]
[Site "Europe Echecs"]
[Date "2020.07.09"]
[Round "1"]
[Time "14:05:03"]
[PlyCount "99"]
[White "FalipMoralesTo"]
[Black "VanDenBrandeNo"]
[WhiteElo "1344"]
[BlackElo "1931"]
[Mode "WEB"]
[Result "0-1"]

1. e4 c5 2. Nf3 Nc6 3. d4 cxd4 4. Nxd4 g6 5. Nc3 Bg7 6. Be3 Nf6 7. Qd2 Ng4 8.
Nxc6 dxc6 9. Qxd8+ Kxd8 10. O-O-O+ Kc7 11. Bf4+ e5 12. Bg3 Re8 13. h3 Nf6 14.
Bc4 Re7 15. f4 Nh5 16. Bh4 f6 17. fxe5 Rxe5 18. g4 Nf4 19. Rhf1 g5 20. Bg3 b5
21. Bb3 b4 22. Na4 Ne2+ 23. Kb1 Nxg3 24. Rf3 Nxe4 25. Kc1 Ba6 26. Re1 Rae8 27.
Rfe3 Bf8 28. c3 bxc3 29. bxc3 Nc5 30. Rxe5 Rxe5 31. Rxe5 Nxb3+ 32. axb3 fxe5 33.
Nc5 Bxc5 34. b4 Be3+ 35. Kc2 Bf1 36. h4 gxh4 37. g5 Bxg5 38. b5 Bxb5 39. c4 Bxc4
40. Kd1 h3 41. Ke1 h2 42. Kf2 Bf4 43. Kf3 Bd5+ 44. Kg4 h1=Q 45. Kf5 Qh3+ 46. Kf6
Qe6+ 47. Kg7 Bh6+ 48. Kxh7 Be4+ 49. Kh8 Qe8# {FalipMoralesTo est échec et mat} 0-1

[Event "Tournament 14471 - Europe Echecs"]
[Site "Europe Echecs"]
[Date "2020.07.09"]
[Round "1"]
[Time "14:05:03"]
[PlyCount "70"]
[White "LesueurGabriel"]
[Black "BeaurainYanis"]
[WhiteElo "1906"]
[BlackElo "1342"]
[Mode "WEB"]
[Result "1-0"]

1. e4 e5 2. Nf3 Nc6 3. Bb5 a6 4. Ba4 b5 5. Bb3 Nf6 6. O-O Bc5 7. c3 d6 8. d4 Bb6
9. h3 O-O 10. Re1 Re8 11. Ng5 Re7 12. d5 Na5 13. Bc2 h6 14. Nf3 Bd7 15. Nbd2 Qb8
16. Nf1 Qa7 17. Be3 Nc4 18. Bxb6 Qxb6 19. b3 Na5 20. Ne3 Rb8 21. Nh4 Nb7 22.
Nhf5 Bxf5 23. Nxf5 Rd7 24. Qf3 g5 25. Nxh6+ Kg7 26. Qf5 Rh8 27. Qxg5+ Kf8 28.
Qxf6 Rh7 29. Qf5 Nd8 30. Qxh7 f5 31. Qxd7 Qc5 32. Qxd8+ Kg7 33. Nxf5+ Kf7 34.
Qe7+ Kg8 35. Qg7# {BeaurainYanis est échec et mat} 1-0

[Event "Tournament 14471 - Europe Echecs"]
[Site "Europe Echecs"]
[Date "2020.07.09"]
[Round "1"]
[Time "14:05:03"]
[PlyCount "29"]
[White "FaidoliYannis"]
[Black "BreuilTristan"]
[WhiteElo "1333"]
[BlackElo "1898"]
[Mode "WEB"]
[Result "0-1"]

1. e4 Nf6 2. e5 Nd5 3. c4 Nb6 4. d4 d6 5. Nf3 g6 6. h3 Bg7 7. Nc3 Nc6 8. Bf4 O-O
9. Be2 dxe5 10. Nxe5 Nxd4 11. O-O Bf5 12. a4 Bxe5 13. Bxe5 Nxe2+ 14. Qxe2 Bd3 {FaidoliYannis a abandonné} 0-1

[Event "Tournament 14471 - Europe Echecs"]
[Site "Europe Echecs"]
[Date "2020.07.09"]
[Round "1"]
[Time "14:05:03"]
[PlyCount "155"]
[White "LecciaThomas"]
[Black "MeyssirelTom"]
[WhiteElo "1893"]
[BlackElo "1333"]
[Mode "WEB"]
[Result "0-1"]

1. e4 e5 2. Nf3 Nc6 3. d4 exd4 4. Bc4 Nf6 5. e5 d5 6. Bb5 Ne4 7. Nxd4 Bd7 8.
Bxc6 bxc6 9. O-O Be7 10. f3 Ng5 11. f4 Ne4 12. Be3 O-O 13. Nd2 Nxd2 14. Qxd2 c5
15. Ne2 d4 16. Bf2 f6 17. Bg3 fxe5 18. fxe5 Be6 19. Nf4 Qd7 20. Nxe6 Qxe6 21.
Qa5 Qb6 22. Qxb6 cxb6 23. Rfe1 Rfd8 24. Rad1 Rac8 25. b3 b5 26. Re4 c4 27. Kf1
d3 28. cxd3 cxd3 29. Re3 d2 30. Ke2 Bg5 31. Rd3 Rxd3 32. Kxd3 Rc1 33. Ke2 Rc2
34. h4 Bh6 35. e6 Kf8 36. Bd6+ Ke8 37. g4 g5 38. h5 Rxa2 39. e7 Bg7 40. Rf1
d1=Q+ 41. Kxd1 Ra1+ 42. Ke2 Rxf1 43. Kxf1 Bf6 44. Bb8 a6 45. Ke2 Kxe7 46. Ke3
Ke6 47. Ke4 a5 48. Ba7 a4 49. bxa4 bxa4 50. Bc5 Be7 51. Bxe7 Kxe7 52. Kd4 Ke6
53. Kc4 Ke5 54. Kb4 Kf4 55. Kxa4 Kxg4 56. Kb5 Kxh5 57. Kc4 Kg4 58. Kd4 h5 59.
Ke4 h4 60. Ke3 Kg3 61. Ke2 h3 62. Kf1 Kh2 63. Kf2 g4 64. Kf1 g3 65. Ke1 g2 66.
Ke2 g1=Q 67. Kf3 Qg2+ 68. Kf4 Kg1 69. Kf5 h2 70. Kf6 h1=Q 71. Kf7 Qh7+ 72. Kf6
Qhg6+ 73. Ke7 Qf5 74. Kd8 Qgg5+ 75. Kc7 Qgg6 76. Kb7 Qff7+ 77. Kb8 Qgg8# {LecciaThomas est échec et mat} 0-1

[Event "Tournament 14471 - Europe Echecs"]
[Site "Europe Echecs"]
[Date "2020.07.09"]
[Round "1"]
[Time "14:05:03"]
[PlyCount "80"]
[White "GabinoKarl"]
[Black "SiffertArman"]
[WhiteElo "1331"]
[BlackElo "1887"]
[Mode "WEB"]
[Result "0-1"]

1. e4 c5 2. Nf3 Nc6 3. d4 cxd4 4. Nxd4 e5 5. Nb5 d6 6. N1c3 a6 7. Na3 Be7 8. Be2
Nf6 9. O-O O-O 10. Be3 Be6 11. Nc4 b5 12. Nb6 Rb8 13. Nbd5 Nd7 14. a3 Bg5 15. f4
exf4 16. Nxf4 Bxf4 17. Bxf4 Nde5 18. b3 Rc8 19. Nd5 Ne7 20. Bg3 Bxd5 21. exd5
N7g6 22. Qd2 Re8 23. Rae1 Qb6+ 24. Kh1 Qc5 25. Bd1 Qxa3 26. Qf2 Qc5 27. Bxe5
Qxf2 28. Rxf2 Nxe5 29. Ref1 Rc5 30. c4 bxc4 31. bxc4 Rxc4 32. Be2 Ra4 33. Bd1
Ra3 34. Be2 g6 35. Rf6 Rd8 36. h3 Kg7 37. R6f4 Rb8 38. Kh2 Rb2 39. R4f2 Raa2 40.
Bf3 {GabinoKarl a abandonné} 0-1

[Event "Tournament 14471 - Europe Echecs"]
[Site "Europe Echecs"]
[Date "2020.07.09"]
[Round "1"]
[Time "14:05:03"]
[PlyCount "122"]
[White "SchippkeManon"]
[Black "BaderAntoine"]
[WhiteElo "1873"]
[BlackElo "1330"]
[Mode "WEB"]
[Result "1/2-1/2"]

1. e4 e5 2. Nf3 Nc6 3. Bb5 Nge7 4. O-O a6 5. Ba4 b5 6. Bb3 g6 7. Ng5 d5 8. exd5
Nxd5 9. Qf3 Be6 10. Nxe6 fxe6 11. Nc3 Nd4 12. Qg4 Nxb3 13. Qxe6+ Be7 14. axb3
Nxc3 15. dxc3 Qd6 16. Qg4 O-O 17. Bh6 Rf7 18. Rad1 Qf6 19. Be3 Kg7 20. f4 Raf8
21. Rfe1 Kg8 22. fxe5 Qxe5 23. Bd4 Qg5 24. Qxg5 Bxg5 25. Bc5 Rc8 26. Rf1 c6 27.
Rxf7 Kxf7 28. Rd7+ Kg8 29. Ra7 Re8 30. Kf2 Rd8 31. Bd4 c5 32. Bxc5 Rd2+ 33. Kg3
Rxc2 34. Rxa6 Rxb2 35. b4 Rd2 36. Bd4 Be7 37. Ra8+ Kf7 38. Ra7 Ke6 39. Rb7 Bxb4
40. cxb4 Rxd4 41. Rxb5 Kd6 42. Rb8 Kc7 43. Rh8 h5 44. Rg8 Rd6 45. Kh4 Rb6 46.
Rg7+ Kd8 47. Kg3 Ke8 48. h4 Kf8 49. Ra7 Rxb4 50. Rc7 Re4 51. Kh3 Re7 52. Rc6 Kf7
53. g4 Kg7 54. gxh5 gxh5 55. Kg3 Re4 56. Rc5 Rg4+ 57. Kh3 Kg6 58. Rc6+ Kg7 59.
Rc5 Kg6 60. Rc6+ Kg7 61. Rc5 {Nulle par répétition} 1/2-1/2

[Event "Tournament 14471 - Europe Echecs"]
[Site "Europe Echecs"]
[Date "2020.07.09"]
[Round "1"]
[Time "14:05:03"]
[PlyCount "81"]
[White "MoreauDecource"]
[Black "FischlerOscar"]
[WhiteElo "1330"]
[BlackElo "1864"]
[Mode "WEB"]
[Result "0-1"]

1. e4 g6 2. Nf3 Bg7 3. Bc4 d6 4. O-O Nf6 5. Nc3 c6 6. d4 b5 7. Bd3 O-O 8. e5
dxe5 9. dxe5 Ng4 10. Bf4 Qc7 11. Re1 Nd7 12. e6 Qxf4 13. exd7 Bxd7 14. Rxe7 Qd6
15. Qe2 Be6 16. Rb7 Rfe8 17. Ne4 Qd8 18. Ng3 Bc8 19. Re7 Rxe7 20. Qd2 Bb7 21. h3
Ne5 22. Ng5 Nxd3 23. cxd3 h6 24. N5e4 Qd4 25. Rb1 Rd8 26. Rd1 Qxb2 27. Qa5 Qd4
28. Ne2 Qb6 29. Qb4 c5 30. Qb1 Bxe4 31. dxe4 Rxd1+ 32. Qxd1 Qc7 33. f3 Rd7 34.
Qb1 a6 35. Nc1 Rd1+ 36. Kf2 Qd6 37. e5 Qd2+ 38. Kg3 Rxc1 39. Qb3 Bxe5+ 40. f4
Qxf4# {MoreauDecource est échec et mat} 0-1

[Event "Tournament 14471 - Europe Echecs"]
[Site "Europe Echecs"]
[Date "2020.07.09"]
[Round "1"]
[Time "14:05:03"]
[PlyCount "74"]
[White "ValleeLouis"]
[Black "BoucaudViallar"]
[WhiteElo "1864"]
[BlackElo "1329"]
[Mode "WEB"]
[Result "1-0"]

1. d4 d5 2. c4 e6 3. Nc3 Nc6 4. Nf3 Nf6 5. cxd5 exd5 6. Bg5 Be7 7. e3 Bf5 8.
Bxf6 Bxf6 9. Qb3 Be6 10. Qxb7 Na5 11. Bb5+ Bd7 12. Bxd7+ Qxd7 13. Qxa8+ Qd8 14.
Qxd8+ Bxd8 15. Nxd5 Kd7 16. Ke2 Kd6 17. Nc3 h6 18. Ne5 f6 19. Nf7+ Ke6 20. Nxh8
Kf5 21. Rac1 g5 22. Nd5 h5 23. Nf7 c6 24. Nxd8 cxd5 25. Rc5 Nc4 26. Rxc4 dxc4
27. Nc6 a6 28. d5 Ke4 29. d6 Kd5 30. d7 Kxc6 31. d8=Q Kb5 32. Qd5+ Kb4 33. a3+
Kb3 34. Rc1 h4 35. Qxc4+ Kxb2 36. Qc3+ Ka2 37. Ra1# {BoucaudViallar est échec et mat} 1-0

[Event "Tournament 14471 - Europe Echecs"]
[Site "Europe Echecs"]
[Date "2020.07.09"]
[Round "1"]
[Time "14:05:03"]
[PlyCount "71"]
[White "ZaninClement"]
[Black "GresserBaptist"]
[WhiteElo "1327"]
[BlackElo "1791"]
[Mode "WEB"]
[Result "0-1"]

1. e4 d5 2. exd5 Nf6 3. Nc3 Nxd5 4. Nxd5 Qxd5 5. d4 Nc6 6. Nf3 Bg4 7. Be3 O-O-O
8. Be2 e6 9. c4 Qa5+ 10. Bd2 Qh5 11. Qb3 Nxd4 12. Nxd4 Rxd4 13. Bxg4 Qxg4 14.
Be3 Qxg2 15. Rf1 Qe4 16. Ke2 Bc5 17. f3 Qe5 18. Qc3 Rhd8 19. Rg1 Rd2+ 20. Qxd2
Rxd2+ 21. Kxd2 Bxe3+ 22. Kc2 Bxg1 23. Rxg1 Qxh2+ 24. Kb3 Qxg1 25. Ka3 Qb6 26. b4
Qe3+ 27. Ka4 Qxf3 28. a3 Qc6+ 29. Kb3 Kd7 30. c5 a5 31. bxa5 Qxc5 32. Ka4 Kd6
33. a6 bxa6 34. Kb3 Kd5 35. Ka4 Qb5# {ZaninClement est échec et mat} 0-1

[Event "Tournament 14471 - Europe Echecs"]
[Site "Europe Echecs"]
[Date "2020.07.09"]
[Round "1"]
[Time "14:05:03"]
[PlyCount "64"]
[White "PerardJouaultE"]
[Black "DelmasRaphael"]
[WhiteElo "1791"]
[BlackElo "1325"]
[Mode "WEB"]
[Result "1-0"]

1. d4 d5 2. c4 e6 3. Nc3 Bb4 4. Nf3 Bxc3+ 5. bxc3 dxc4 6. Qa4+ Nc6 7. Qxc4 h6 8.
Ba3 Nge7 9. e4 O-O 10. Bd3 Re8 11. O-O b6 12. e5 Bb7 13. Bc2 Nf5 14. Qd3 g6 15.
Nd2 Qg5 16. Ne4 Qd8 17. Nf6+ Kg7 18. Nxe8+ Qxe8 19. Qh3 Rd8 20. Bc1 Qh8 21. Be4
Nfe7 22. Qf3 Rd7 23. Qf6+ Kg8 24. Qxh8+ Kxh8 25. Bxh6 Ba6 26. Rfe1 Kh7 27. Bg5
Nd5 28. Bxd5 Rxd5 29. Re3 Kg8 30. Rh3 Kf8 31. Rh8+ Kg7 32. Bf6# {DelmasRaphael est échec et mat} 1-0

[Event "Tournament 14471 - Europe Echecs"]
[Site "Europe Echecs"]
[Date "2020.07.09"]
[Round "1"]
[Time "14:05:03"]
[PlyCount "81"]
[White "KurenkovAndrey"]
[Black "TrevisiolAntoi"]
[WhiteElo "1322"]
[BlackElo "1788"]
[Mode "WEB"]
[Result "0-1"]

1. e4 c5 2. Nf3 e6 3. d4 cxd4 4. Nxd4 a6 5. Nc3 Nc6 6. Be3 Bb4 7. Qd2 Bxc3 8.
Qxc3 Nf6 9. Nxc6 bxc6 10. Bg5 h6 11. Bxf6 Qxf6 12. Qxf6 gxf6 13. Bd3 Ke7 14.
O-O-O Rg8 15. g3 Bb7 16. Rhe1 c5 17. e5 fxe5 18. Rxe5 d6 19. Rh5 Bf3 20. Rxh6
Bxd1 21. Kxd1 d5 22. h4 c4 23. Be2 Rh8 24. Rxh8 Rxh8 25. h5 Kf6 26. g4 Kg5 27.
Kd2 Kf4 28. Kc3 a5 29. b4 cxb3 30. axb3 Rc8+ 31. Kd2 d4 32. Kd3 e5 33. f3 f6 34.
Bd1 Rc3+ 35. Kd2 f5 36. h6 Rc6 37. gxf5 Rxh6 38. c3 dxc3+ 39. Kxc3 Rc6+ 40. Kd3
Kxf5 {KurenkovAndrey a abandonné} 0-1

[Event "Tournament 14471 - Europe Echecs"]
[Site "Europe Echecs"]
[Date "2020.07.09"]
[Round "1"]
[Time "14:05:03"]
[PlyCount "103"]
[White "CostaSavelliTh"]
[Black "TulliezAndre"]
[WhiteElo "1315"]
[BlackElo "1777"]
[Mode "WEB"]
[Result "0-1"]

1. e4 c5 2. Nf3 d6 3. d4 cxd4 4. Nxd4 Nf6 5. Nc3 a6 6. Nf3 e5 7. Bd3 Be7 8. O-O
O-O 9. Bg5 Be6 10. Re1 Nbd7 11. h3 Rc8 12. a3 b5 13. Qd2 Qc7 14. Rac1 Rfe8 15.
Kh1 Bf8 16. Kg1 h6 17. Bh4 Nh5 18. Rcd1 Nb6 19. Rc1 Nc4 20. Bxc4 Qxc4 21. Red1
a5 22. Re1 b4 23. Nd5 Bxd5 24. Qxd5 Qxd5 25. exd5 bxa3 26. bxa3 Rc3 27. Re3 Rec8
28. Rxc3 Rxc3 29. a4 Nf4 30. Kh2 Nxd5 31. Bd8 Rc5 32. Nd2 Rc8 33. Bxa5 Ra8 34.
Nb3 Ne7 35. Rd1 Nc6 36. Bc7 Ra7 37. Bxd6 Rd7 38. Bxf8 Rxd1 39. Bc5 Rd5 40. c4
Rd1 41. Be3 Rb1 42. Nd2 Ra1 43. c5 Rxa4 44. Nb3 Rb4 45. Nd2 f5 46. g3 Kf7 47.
Nf3 g5 48. Ne1 f4 49. Bd2 Rb2 50. Bc1 Rxf2+ 51. Ng2 f3 {CostaSavelliTh a abandonné} 0-1

[Event "Tournament 14471 - Europe Echecs"]
[Site "Europe Echecs"]
[Date "2020.07.09"]
[Round "1"]
[Time "14:05:03"]
[PlyCount "97"]
[White "DelestreAnatol"]
[Black "ThibousMathis"]
[WhiteElo "1768"]
[BlackElo "1313"]
[Mode "WEB"]
[Result "1-0"]

1. d4 d5 2. Nc3 c5 3. e4 dxe4 4. d5 e6 5. Bb5+ Bd7 6. dxe6 fxe6 7. Bxd7+ Nxd7 8.
Nxe4 Ngf6 9. Bg5 Qa5+ 10. Bd2 Qc7 11. Nxf6+ Nxf6 12. Nf3 O-O-O 13. Qe2 e5 14.
Bc3 Bd6 15. O-O-O Rhe8 16. Nd2 Qc6 17. Nc4 e4 18. Bxf6 gxf6 19. Qg4+ Kb8 20. Qf5
Bc7 21. Qxh7 Qa4 22. Na3 b5 23. Qf5 b4 24. Nb1 Qxa2 25. Qxc5 Bd6 26. Qb5+ Ka8
27. Qc6+ Kb8 28. Rxd6 Rxd6 29. Qxe8+ Kc7 30. Qe7+ Kc6 31. Qe8+ Kc5 32. Qxe4 b3
33. Qe3+ Kc6 34. Qxb3 Qa6 35. Qc3+ Kd7 36. Qh3+ Kc7 37. Qh7+ Kc6 38. Qe4+ Kc7
39. Re1 Qb5 40. Nc3 Qa5 41. Qe7+ Kc6 42. Qe8+ Kc5 43. Ne4+ Kd4 44. Nxd6 Qa1+ 45.
Kd2 Qa5+ 46. c3+ Kd5 47. Qe6+ Kc6 48. Nc4+ Kb5 {ThibousMathis a abandonné} 1-0

[Event "Tournament 14471 - Europe Echecs"]
[Site "Europe Echecs"]
[Date "2020.07.09"]
[Round "1"]
[Time "14:05:03"]
[PlyCount "74"]
[White "GheorghinFelix"]
[Black "DimeyGabertQue"]
[WhiteElo "1310"]
[BlackElo "1758"]
[Mode "WEB"]
[Result "1-0"]

1. e4 c5 2. Nf3 Nc6 3. d4 cxd4 4. Nxd4 g6 5. Be3 Bg7 6. Qd2 Nf6 7. Nc3 Ng4 8.
Nxc6 bxc6 9. Bd4 e5 10. Bc5 Nf6 11. Bc4 a5 12. a4 Ba6 13. Bxa6 Rxa6 14. Bd6 Nh5
15. Qe2 Nf4 16. Qxa6 Nxg2+ 17. Kf1 Nf4 18. Ne2 Nh3 19. Ke1 Bh6 20. Bxe5 Rg8 21.
Qd3 Ng5 22. Bf4 Qb6 23. b3 Qb4+ 24. Bd2 Nf3+ 25. Qxf3 Qxd2+ 26. Kf1 Qxc2 27. Kg2
g5 28. Rac1 Qd2 29. Rhd1 Qb4 30. Qd3 Qe7 31. Qd6 Qxe4+ 32. Kf1 Rg6 33. Qxd7+ Kf8
34. Qd8+ Kg7 35. Qd4+ Qxd4 36. Nxd4 Rd6 37. Nf5+ {DimeyGabertQue a abandonné} 1-0

[Event "Tournament 14471 - Europe Echecs"]
[Site "Europe Echecs"]
[Date "2020.07.09"]
[Round "1"]
[Time "14:05:03"]
[PlyCount "60"]
[White "VuDinhAdrien"]
[Black "BourdelClement"]
[WhiteElo "1740"]
[BlackElo "1308"]
[Mode "WEB"]
[Result "1-0"]

1. e4 c5 2. Nc3 g6 3. f4 Bg7 4. Nf3 d6 5. Bc4 Nf6 6. O-O O-O 7. d3 Bg4 8. Qe1
Nc6 9. h3 Bxf3 10. Rxf3 a6 11. a4 e6 12. Qh4 Nd7 13. Qg3 Nf6 14. f5 Nh5 15. Qe1
exf5 16. exf5 Re8 17. Qd1 Bd4+ 18. Kh1 Ne5 19. fxg6 Nxf3 20. gxf7+ Kf8 21.
fxe8=Q+ Qxe8 22. Qxf3+ Kg7 23. Ne4 Rb8 24. Bg5 Qe5 25. Qxh5 b5 26. Bf6+ Qxf6 27.
Nxf6 Bxf6 28. Qf7+ Kh6 29. Qxf6+ Kh5 30. g4# {BourdelClement est échec et mat} 1-0

[Event "Tournament 14471 - Europe Echecs"]
[Site "Europe Echecs"]
[Date "2020.07.09"]
[Round "1"]
[Time "14:05:03"]
[PlyCount "103"]
[White "EboueYuri"]
[Black "GardeGuillaume"]
[WhiteElo "1304"]
[BlackElo "1716"]
[Mode "WEB"]
[Result "0-1"]

1. e4 e6 2. d4 d5 3. Nd2 Nc6 4. Ne2 dxe4 5. Nxe4 Nge7 6. Bf4 Nd5 7. Bg3 Be7 8.
c3 O-O 9. Nf4 Nxf4 10. Bxf4 b6 11. Bd3 Bb7 12. O-O Qd5 13. Qg4 f5 14. Qg3 fxe4
15. Bc2 Bd6 16. Bxd6 Qxd6 17. Qg4 Ne7 18. Bb3 Rf6 19. h4 Raf8 20. h5 Bd5 21. c4
Bc6 22. c5 Qd7 23. a4 a5 24. Rad1 Bd5 25. Bc2 Qc6 26. Rfe1 bxc5 27. Re2 cxd4 28.
Bb1 d3 29. Bxd3 exd3 30. Rxd3 Bc4 31. Rdd2 Bxe2 32. Rxe2 Qc1+ 33. Kh2 Qf4+ 34.
Qxf4 Rxf4 35. Rxe6 Kf7 36. Ra6 Rf5 37. Ra7 Rxh5+ 38. Kg1 Rc5 39. g3 Rd8 40. Kg2
Rd2 41. b3 Rb2 42. Rb7 Ke6 43. Rb8 Rcc2 44. Rh8 Rxf2+ 45. Kh3 h5 46. Rxh5 Rh2+
47. Kg4 Rxh5 48. Kxh5 Kf5 49. g4+ Kf6 50. g5+ Kf5 51. b4 Rh2# {EboueYuri est échec et mat} 0-1

[Event "Tournament 14471 - Europe Echecs"]
[Site "Europe Echecs"]
[Date "2020.07.09"]
[Round "1"]
[Time "14:05:03"]
[PlyCount "58"]
[White "MoraisThomas"]
[Black "NavilleLea"]
[WhiteElo "1710"]
[BlackElo "1288"]
[Mode "WEB"]
[Result "1-0"]

1. e4 d5 2. exd5 Qxd5 3. Nc3 Qa5 4. d4 Nf6 5. Bd2 c6 6. Bc4 Qc7 7. Nge2 Bf5 8.
Bf4 Qd7 9. O-O e6 10. Ng3 Bd6 11. Bxd6 Qxd6 12. Nxf5 exf5 13. Re1+ Kf8 14. d5
cxd5 15. Nxd5 Nxd5 16. Qxd5 Qd7 17. Rad1 Qxd5 18. Rxd5 Nc6 19. Rxf5 f6 20. Rd5
Nb4 21. Rd7 Nxc2 22. Ree7 Rc8 23. Rf7+ Ke8 24. Be6 Rc6 25. Rfe7+ Kf8 26. Rxb7
Nd4 27. Rf7+ Ke8 28. Rb8+ Rc8 29. Rxc8# {NavilleLea est échec et mat} 1-0

[Event "Tournament 14471 - Europe Echecs"]
[Site "Europe Echecs"]
[Date "2020.07.09"]
[Round "1"]
[Time "14:05:03"]
[PlyCount "60"]
[White "ChalonMaceo"]
[Black "DameAxel"]
[WhiteElo "1280"]
[BlackElo "1709"]
[Mode "WEB"]
[Result "1-0"]

1. e4 c5 2. Nc3 g6 3. f4 Bg7 4. Nf3 e6 5. Be2 Ne7 6. O-O O-O 7. d3 d5 8. exd5
Nxd5 9. Nxd5 Qxd5 10. a3 Nc6 11. Rb1 a6 12. b4 cxb4 13. axb4 b5 14. c4 bxc4 15.
dxc4 Qxd1 16. Rxd1 Rb8 17. b5 axb5 18. cxb5 Na5 19. Ba3 Re8 20. Bd6 Ra8 21. Bc7
Nb7 22. b6 Kf8 23. Bb5 Re7 24. Bd8 Bf6 25. Bxe7+ Kxe7 26. Bc6 Rb8 27. Rdc1 Bd7
28. Bxd7 Kxd7 29. Rc7+ Kd6 30. Rd1+ {DameAxel a perdu au temps} 1-0

[Event "Tournament 14471 - Europe Echecs"]
[Site "Europe Echecs"]
[Date "2020.07.09"]
[Round "1"]
[Time "14:05:03"]
[PlyCount "51"]
[White "FoughaliYounes"]
[Black "GalimovAskar"]
[WhiteElo "1705"]
[BlackElo "1278"]
[Mode "WEB"]
[Result "0-1"]

1. c4 e5 2. Nc3 Nf6 3. g3 d5 4. cxd5 Nxd5 5. Bg2 Be6 6. d3 Bb4 7. Bd2 c6 8. a3
Ba5 9. Nf3 Nd7 10. O-O O-O 11. b4 Bb6 12. Rc1 h6 13. b5 Rc8 14. bxc6 Rxc6 15.
Nxd5 Bxd5 16. Rxc6 Bxc6 17. Qa1 Qf6 18. Bc3 Re8 19. e4 Qd6 20. Rd1 Ba4 21. Rd2
Nc5 22. Nxe5 Nb3 23. Qa2 Rxe5 24. Bxe5 Qxe5 25. Rb2 Qd4 {FoughaliYounes a perdu au temps} 0-1

[Event "Tournament 14471 - Europe Echecs"]
[Site "Europe Echecs"]
[Date "2020.07.09"]
[Round "1"]
[Time "14:05:03"]
[PlyCount "82"]
[White "GuliyevTofig"]
[Black "BoyerJohnLucas"]
[WhiteElo "1699"]
[BlackElo "1266"]
[Mode "WEB"]
[Result "1-0"]

1. d4 d5 2. c4 dxc4 3. e4 Nc6 4. Be3 b5 5. a4 b4 6. Bxc4 Nf6 7. f3 e6 8. Ne2 Be7
9. O-O O-O 10. Nd2 h6 11. Qc2 a5 12. Bb5 Na7 13. Bd3 Bb7 14. Nc4 Nc6 15. Rac1
Rc8 16. b3 Ba6 17. g3 Qd7 18. Kg2 Bxc4 19. Bxc4 e5 20. Bb5 Qe6 21. Bxc6 Bd6 22.
d5 Qe7 23. Bc5 Bxc5 24. Qxc5 Qd8 25. Qxa5 Ra8 26. Qxa8 Qxa8 27. Bxa8 Rxa8 28.
Rxc7 Rb8 29. Rfc1 Kh7 30. d6 Rd8 31. Rd1 h5 32. d7 Nxd7 33. Rdxd7 Rf8 34. Rxf7
Rg8 35. a5 Kh6 36. a6 Kg6 37. a7 Kh6 38. Rb7 g6 39. Rh7+ Kg5 40. Rbf7 Rd8 41.
h4# {BoyerJohnLucas est échec et mat} 1-0

[Event "Tournament 14471 - Europe Echecs"]
[Site "Europe Echecs"]
[Date "2020.07.09"]
[Round "1"]
[Time "14:05:03"]
[PlyCount "111"]
[White "ComtePanicautJ"]
[Black "LaouamriSamy"]
[WhiteElo "1265"]
[BlackElo "1669"]
[Mode "WEB"]
[Result "0-1"]

1. e4 e5 2. Nf3 Nc6 3. Nc3 Nf6 4. Bb5 d6 5. O-O Be7 6. d4 O-O 7. Bxc6 bxc6 8.
dxe5 Ng4 9. exd6 cxd6 10. Re1 Qb6 11. Be3 Nxe3 12. Rxe3 Bg4 13. Qd3 Rfd8 14. b3
Bf6 15. Na4 Qc7 16. Rd1 Bh5 17. Qe2 Re8 18. Red3 d5 19. Nc5 Qa5 20. Qd2 Qxc5 21.
exd5 Bg6 22. Re3 Rxe3 23. Qxe3 Qxe3 24. fxe3 cxd5 25. Rxd5 Bxc2 26. Rc5 Be4 27.
Kf2 h6 28. Nd4 Rd8 29. Nf3 Re8 30. Rc7 a6 31. Ra7 Bd3 32. a4 Bb2 33. g3 Bc1 34.
Kg2 Bxe3 35. Rb7 Bc1 36. Rb4 Re2+ 37. Kh3 Bf5+ 38. Kh4 g5+ 39. Kh5 g4 40. Nh4
Rxh2 41. Rb6 Kg7 42. Rxa6 Bg6+ 43. Kxg4 h5+ 44. Kf3 Rb2 45. Nxg6 Rxb3+ 46. Ke2
fxg6 47. Kd1 Bg5 48. Ke2 Kh6 49. Kf2 Bd8 50. Kg2 Rb2+ 51. Kh3 Kg5 52. a5 Ra2 53.
Ra8 Bxa5 54. g4 hxg4+ 55. Kg3 Bc7# {ComtePanicautJ est échec et mat} 0-1

[Event "Tournament 14471 - Europe Echecs"]
[Site "Europe Echecs"]
[Date "2020.07.09"]
[Round "1"]
[Time "14:05:03"]
[PlyCount "34"]
[White "VilleneuveRobi"]
[Black "LhostisLucie"]
[WhiteElo "1662"]
[BlackElo "1265"]
[Mode "WEB"]
[Result "1-0"]

1. e4 e5 2. Nf3 Nc6 3. Bc4 Bc5 4. c3 Bb6 5. d4 exd4 6. cxd4 Nf6 7. Nc3 O-O 8.
O-O Re8 9. e5 Ng4 10. Ng5 Nh6 11. Qd3 g6 12. Qh3 Kg7 13. Nxf7 Nxf7 14. Bxf7 Kxf7
15. Qxh7+ Ke6 16. Qxg6+ Ke7 17. Qf6# {LhostisLucie est échec et mat} 1-0

[Event "Tournament 14471 - Europe Echecs"]
[Site "Europe Echecs"]
[Date "2020.07.09"]
[Round "1"]
[Time "14:05:03"]
[PlyCount "53"]
[White "PommereulMathi"]
[Black "BerezovskyFior"]
[WhiteElo "1264"]
[BlackElo "1646"]
[Mode "WEB"]
[Result "0-1"]

1. e4 c5 2. Nf3 e6 3. Nc3 a6 4. Bc4 b5 5. Bb3 c4 6. Bxc4 bxc4 7. d3 cxd3 8. cxd3
Bb4 9. O-O Bb7 10. Qb3 Nc6 11. a3 Bxc3 12. Qxb7 Ba5 13. e5 Bb6 14. Bg5 f6 15.
exf6 gxf6 16. Bh4 Ra7 17. Bxf6 Nxf6 18. Qxa7 Bxa7 19. Rfe1 Qb6 20. Re2 Rg8 21.
Rae1 Nd4 22. Nxd4 Qxd4 23. Kf1 Ng4 24. Kg1 Nxf2 25. Rf1 Rxg2+ 26. Kxg2 Qg4# {PommereulMathi est échec et mat} 0-1

[Event "Tournament 14471 - Europe Echecs"]
[Site "Europe Echecs"]
[Date "2020.07.09"]
[Round "1"]
[Time "14:05:03"]
[PlyCount "50"]
[White "DruonThibault"]
[Black "DarrortNahia"]
[WhiteElo "1644"]
[BlackElo "1263"]
[Mode "WEB"]
[Result "1-0"]

1. d4 d5 2. c4 e6 3. Nc3 Nf6 4. cxd5 exd5 5. Bg5 Be7 6. e3 c6 7. Bd3 Nbd7 8. Qc2
h6 9. Bh4 Nh5 10. Bxe7 Qxe7 11. Nge2 Nhf6 12. Ng3 Nb6 13. O-O O-O 14. Rae1 Re8
15. f3 Bd7 16. Qf2 Rad8 17. e4 dxe4 18. fxe4 Be6 19. e5 Nfd5 20. Nce4 Nb4 21.
Bb1 Nxa2 22. Nc5 Bd5 23. Qc2 Nb4 24. Qh7+ Kf8 25. Qh8# {DarrortNahia est échec et mat} 1-0